Learning lessons for the investigation of 'accidents' (Record no. 67436)

MARC details
000 -LEADER
fixed length control field 01512cam a2200241 4500
001 - CONTROL NUMBER
control field ABS64148
008 - FIXED-LENGTH DATA ELEMENTS--GENERAL INFORMATION
fixed length control field 000000n2001 000 0 eng u
035 ## - SYSTEM CONTROL NUMBER
System control number (Sirsi) u113227
100 ## - MAIN ENTRY--PERSONAL NAME
Personal name Dyer, C.
245 ## - TITLE STATEMENT
Title Learning lessons for the investigation of 'accidents'
260 ## - PUBLICATION, DISTRIBUTION, ETC.
Date of publication, distribution, etc. 2001
490 ## - SERIES STATEMENT
Series statement Health and Safety Bulletin
Volume/sequential designation (299) June 2001, 6-10(5)
520 ## - SUMMARY, ETC.
Summary, etc. Presents the Health & Safety Commission proposals for a new legal duty on employers to investigate dangerous occurrences, ill health and injuries to be introduced in the Management of Health and Safety at Work (Amendment) Regulations 2001 or the Reporting of Injuries, Diseases and Dangerous Occurrences Regulations 1995. These would require the 'responsible person' identified in RIDDOR to permit safety and employee safety representatives to take part in the investigation, to keep a record of it, and to inform anyone who has carried out a risk assessment of the activity concerned of the results, and would empower HSE inspectors and local authority officers to direct how the investigation is carried out. Also gives details of responses to the HSC consultation.
590 ## - LOCAL NOTE (RLIN)
Local note ABS
650 ## - SUBJECT ADDED ENTRY--TOPICAL TERM
Topical term or geographic name entry element ACCIDENTS AT WORK
650 ## - SUBJECT ADDED ENTRY--TOPICAL TERM
Topical term or geographic name entry element EMPLOYERS REQUIREMENTS
650 ## - SUBJECT ADDED ENTRY--TOPICAL TERM
Topical term or geographic name entry element MANAGEMENT OF HEALTH AND SAFETY AT WORK (AMENDMENT) REGULATIONS 2001
650 ## - SUBJECT ADDED ENTRY--TOPICAL TERM
Topical term or geographic name entry element REPORTING OF INJURIES, DISEASES AND DANGEROUS OCCURRENCES REGULATIONS 1995
650 ## - SUBJECT ADDED ENTRY--TOPICAL TERM
Topical term or geographic name entry element RIDDOR
650 ## - SUBJECT ADDED ENTRY--TOPICAL TERM
Topical term or geographic name entry element RISK ASSESSMENT
690 ## - LOCAL SUBJECT ADDED ENTRY--TOPICAL TERM (OCLC, RLIN)
Topical term or geographic name as entry element Health and safety
9 (RLIN) 6244
942 ## - ADDED ENTRY ELEMENTS (KOHA)
Suppress in OPAC 0
Holdings
Withdrawn status Lost status Source of classification or shelving scheme Damaged status Not for loan Home library Current library Shelving location Date acquired Total Checkouts Full call number Barcode Date last seen Copy number Price effective from Koha item type
    Dewey Decimal Classification     London London Journal article 21/06/2001   ABS64148 113227-1001 06/08/2019 1 06/08/2019 Journal article